| 000 | 00472nam a2200145 i 4500 | ||
|---|---|---|---|
| 001 | 69445 | ||
| 003 | ES-MaACL | ||
| 005 | 20230906170524.0 | ||
| 007 | t| | ||
| 008 | 040706s1918 sp ||||1| spa d | ||
| 100 | 1 |
_aGarcía-Cañada, Ricardo. _954336 |
|
| 245 | 1 | 3 |
_aLa conservación de las obras hidraúlicas por los turbajos hidrológicos-forestales / _cRicardo García-Cañada. |
| 260 |
_aMadrid : _b[s.n., _c1918] ( _fImp. de Julio Cosano) |
||
| 852 |
_aES-MaACL _j1521-F-9 |
||
| 999 |
_c69445 _d69445 |
||